| 000 | 00415nam a22001457a 4500 | ||
|---|---|---|---|
| 082 |
_a346.096 _bABB _cL-32, P-3 |
||
| 100 |
_aAbbas, K.B _937784 |
||
| 245 |
_aThe negotiable instruments act (xxvi of 1881) _cAbbas, K.B |
||
| 260 |
_aLahore _bAll Pakistan Legal Decisions |
||
| 300 | _av, 190.: | ||
| 526 |
_a0 _b0 _c0 _d346_096000000000000_ABB |
||
| 650 |
_aMCE _9379 |
||
| 700 |
_aAbbas, K.B _937784 |
||
| 942 |
_2ddc _cBK |
||
| 999 |
_c542569 _d542569 |
||